World development report 2014 : risk and opportunity.
| Format: | Book |
|---|---|
| Published: |
Washington D.C:
The World Bank,
2013.
|
| Subjects: |
| LEADER | 00481cam a2200157 7i4500 | ||
|---|---|---|---|
| 001 | 0000031885 | ||
| 005 | 20141211090000.0 | ||
| 020 | 0 | 0 | |a 9780821399033 |
| 090 | 0 | 0 | |a I 338.9 |b WOR |
| 245 | 0 | 0 | |a World development report 2014 : |b risk and opportunity. |
| 260 | 0 | 0 | |a Washington D.C: |b The World Bank, |c 2013. |
| 300 | # | # | |a 343 p. |
| 650 | 0 | 0 | |a Economic indicators |
| 650 | 0 | 0 | |a Economic history |
| 650 | 0 | 0 | |a International economics |
| 999 | |a 0000034605 |b Book |c International |e Business Information Centre | ||


